000 00933nam a22002537i 4500
999 _c172429
_d172429
005 20190522115630.0
008 190423s2015 ii a|||g |||| 00| 1 tam d
020 _a9789836804587
_cRM12.50
_qpaperback
040 _aPPAK
_beng
_cPPAK
_erda
082 0 4 _223
_a398.20494811
090 0 0 _a398.20494811
_bMUN
_dK
100 1 _aMun̲aivar, Pi. Van̲attaiyan̲,
_eauthor
245 1 0 _aMariyātai rāman̲ kataikaḷ =
_bKisah-kisah Raman dalam penghormatan /
_cPi. Van̲attaiyan̲ Mun̲aivar
246 1 3 _aமரியாதை ராமன் கதைகள்
246 1 1 _aKisah-kisah Raman dalam penghormatan
264 1 _aChennai, India :
_bMinerva Publications,
_c2015
300 _a94 pages :
_billustrations ;
_c18 cm
336 _2rdacontent
_atext
337 _2rdamedia
_aunmediated
338 _2rdacarrier
_avolume
650 1 0 _aFolklore
_vJuvenile literature
650 1 0 _aTales
_vJuvenile literature
942 _2ddc
_cB